000 00898nas a2200265Ia 4500
001 A04/R035-42163
003 IT-MiCISF
008 161014c99999999xx |||||||||||| ||und||
040 _aIT-MiCISF
_cIT-MiCISF
041 _aITALIANO
100 _aPesaresi Franco
210 _aProspettive sociali e sanitarie
222 _aProspettive sociali e sanitarie
245 0 _aLe unità di valutazione multidimensionale
250 _a1a ed.
260 _c2006
501 _bCISF - Centro Internazionale Studi Famiglia - Via Giotto, 36 20145 MILANO (non commercial uses only)
_cCopyright 2016
300 _app. 6-11
362 _an. 9, maggio [2006]
500 _a Tema: malato, non-autosufficienza, servizi-sanitari, case-studies, istituzionalizzazione, diagnosi-handicap
650 _asalute cura
_varticolo
700 _a Simoncelli Marina
942 _cCR
957 _71
999 _a42163
_bSi
_g1
_c247294
_d247294